| 000 | 00574nam a2200169 a 4500 | ||
|---|---|---|---|
| 001 | 000003584 | ||
| 005 | 20250520113530.0 | ||
| 008 | 090711s1979 dr ac r 000 0 spa d | ||
| 040 |
_aDO-SdBNP _bspa _cBNPHU |
||
| 082 |
_a150 _bV632m |
||
| 100 | 1 |
_aVicent Cepeda, Rosa Amelia _911046 |
|
| 245 | 1 | 0 |
_aManual de psicología : _bdesarrollo del programa oficial de psicología del bachillerato / _cRosa Amelia Vicent Cepeda. |
| 260 |
_aSanto Domingo : _bAmigo del Hogar, _c1979. |
||
| 300 |
_a165 p. : _bil, retrs ; _c22 cm. |
||
| 500 | _aIncluye índice | ||
| 650 | 0 |
_aPsicología _9152 |
|
| 999 |
_c3408 _d3408 |
||